10 grandes películas de la historia del cine (Registro nro. 6917)

Detalles MARC
000 -CABECERA
Longitud fija campo de control 01631ngm a2200325 a 4500
005 - • FECHA Y HORA DE LA ÚLTIMA TRANSACCIÓN
Fecha y hora de la última transacción 20220317001421.0
008 - • CÓDIGOS DE INFORMACIÓN DE LONGITUD FIJA
Códigos de información de longitud fija 161108s2010 ck g 000 0 spa
020 ## - • NÚMERO INTERNACIONAL NORMALIZADO PARA LIBROS
Número Internacional Normalizado para Libros (ISBN) 9789587470413
082 04 - • NÚMERO DE LA CLASIFICACIÓN DECIMAL DEWEY
Número de clasificación (R) 791.437
Número del ítem D32
040 ## - FUENTE DE LA CATALOGACIÓN
Centro catalogador de origen CO-BoRNBP
Lengua de catalogación spa
Normas de descripción rda
Centro transcriptor CO-BoRNBP
245 00 - • TITULO PROPIAMENTE DICHO
Título 10 grandes películas de la historia del cine
Medio videodisco digital
250 ## - • MENCIÓN DE EDICIÓN
Mención de edición Primera edición
264 #1 - PRODUCCIÓN, PUBLICACIÓN , DISTRIBUCIÓN, FABRICACIÓN Y COPYRIGHT
Lugar de producción, publicación, distribución, fabricación Bogotá
Nombre del productor, editor, distribuidor, fabricante Fonolibros de Colombia
Fecha de de producción, publicación, distribución, fabricación o copyright 2010
300 ## - • DESCRIPCIÓN FÍSICA
Extensión 6 DVD
Otras características físicas sonido, en blanco y negro
Dimensiones 12 cm.
Material Anexo 1 cartilla
336 ## - TIPO DE CONTENIDO
Término de tipo de contenido texto
Código de tipo de contenido txt
Fuente rdacontent
337 ## - TIPO DE MEDIO
Nombre del tipo de medio sin mediación
Código del tipo de medio n
Fuente rdamedia
338 ## - TIPO DE SOPORTE
Nombre del tipo de soporte volumen
Código del tipo de soporte nc
Fuente rdacarrier
490 ## - • MENCIÓN DE SERIE
Mención de serie Cine club películas para coleccionistas
500 ## - • NOTA GENERAL
Nota general Incluye libro con las reseñas de las películas
500 ## - • NOTA GENERAL
Nota general Películas con subtítulos en español
505 ## - • NOTA DE CONTENIDO CON FORMATO
Nota de contenido con formato DVD 1. El ciudadano Kane / Orson Welles -- DVD 2. La vida es maravillosa / Frank Kapra -- DVD 3. Casablanca / Michael Curtiz ; Rembrandt / Alexander Korda -- DVD 4. Tiempos modernos / Charles Chaplin ; Cantando bajo la lluvia / Gene Kelly, Stanley Donen -- DVD 5. El acorazado Potemkin / Serguéi M. Eisenstein -- Sucedió una noche / Frank Capra -- DVD 6. Psycho / Alfred Hitchcock -- Laura -- Otto Preminger
650 14 - • PUNTO DE ACCESO ADICIONAL DE MATERIA - TÉRMINO DE MATERIA
Fuente del encabezamiento o término LEMB
Término de materia o nombre geográfico como elemento inicial Cine e historia
Subdivisión de forma Videodiscos
Subdivisión cronológica Siglo XX
650 14 - • PUNTO DE ACCESO ADICIONAL DE MATERIA - TÉRMINO DE MATERIA
Fuente del encabezamiento o término LEMB
Término de materia o nombre geográfico como elemento inicial Películas cinematografiaras
Subdivisión de forma Videodiscos
Subdivisión cronológica Siglo XX
700 1# - • PUNTO DE ACCESO ADICIONAL - NOMBRE DE PERSONA
Nombre de persona Welles, Orson
Fechas asociadas al nombre 1915-1985
700 1# - • PUNTO DE ACCESO ADICIONAL - NOMBRE DE PERSONA
Nombre de persona Capra, Frank,
Fechas asociadas al nombre 1897-1991
700 1# - • PUNTO DE ACCESO ADICIONAL - NOMBRE DE PERSONA
Nombre de persona Curtiz, Michael,
Fechas asociadas al nombre 1888-1962
700 1# - • PUNTO DE ACCESO ADICIONAL - NOMBRE DE PERSONA
Nombre de persona Korda, Alexander
Fechas asociadas al nombre 1893-1956
700 1# - • PUNTO DE ACCESO ADICIONAL - NOMBRE DE PERSONA
Nombre de persona Chaplin, Charles Spencer
Fechas asociadas al nombre 1889-1977
942 ## - ENTRADA DE ELEMENTOS AGREGADOS (KOHA)
Fuente de clasificaión o esquema Dewey Decimal Classification
Koha [por defecto] tipo de item DVD

No hay ítems disponibles.










Instituto Departamental de Cultura del Meta - Red Departamental de Bibliotecas Públicas del Meta.